000 00453nam a22001577a 4500
005 20251108164745.0
008 250721s1965 xx 000 0 ara d
082 1 4 _a810.904/أحم
100 1 _aالحوفي، أحمد محمد
245 1 0 _aأدب السياسة في العصر الأموي /
264 1 _aبيروت :
_bدار القلم،
_c1965.
300 _a606 ص
650 1 7 _aالأدب العربي
942 _2ddc
_cBK
999 _c13633
_d13633